| 000 | 00920cam a22002891a 4500 | ||
|---|---|---|---|
| 001 | 7066021 | ||
| 003 | OSt | ||
| 005 | 20230626135434.0 | ||
| 008 | 711116s1966 nyu b 001 0 eng | ||
| 010 | _a 66020494 | ||
| 015 | _aGB67-5746 | ||
| 035 | _a(OCoLC)171887 | ||
| 040 |
_aDLC _cODaWU _dOCoLC _dUk _dMoSU-L _dDLC |
||
| 042 | _apremarc | ||
| 082 |
_a332.04 _bFRI |
||
| 100 | 1 |
_aFriedmann, Wolfgang, _d1907-1972. |
|
| 245 | 1 | 0 |
_aInternational financial aid / _cWolfgang G. Friedmann, George Kalmanoff, Robert F. Meagher. |
| 260 |
_aNew York : _bColumbia University Press, _c1966. |
||
| 300 |
_axiv, 498 p. ; _c24 cm. |
||
| 504 | _aIncludes bibliographical references (p. [473]-481) and index. | ||
| 650 | 0 | _aEconomic assistance. | |
| 650 | 0 | _aInternational finance. | |
| 700 | 1 | _aKalmanoff, George. | |
| 700 | 1 | _aMeagher, Robert F. | |
| 906 |
_a7 _bcbc _coclcrpl _du _encip _f19 _gy-gencatlg |
||
| 942 |
_2ddc _cBK |
||
| 999 |
_c2737 _d2737 |
||